000 00690nam a2200289Ia 4500
005 20260324140557.0
008 008 260324s9999 xx 000 0 eng d
020 _a9781003059240
037 _aEBOOK
040 _aCRL
040 _beng
040 _cCRL
041 _2eng
041 _aeng
084 _qCRL
100 _aRichard Leo Enos; Lois Peters Agnew
_91204935
245 0 _aLandmark Essays on Aristotelian Rhetoric
245 0 _bVolume 14
260 _bTaylor and Francis
260 _c1998
365 _a
365 _b185
856 _uhttp://www.taylorfrancis.com/books/9781003059240
942 _cEBOOK
999 _c1807142
_d1807142